|
|
|
|
| LEADER |
00000cas a2200000 a 4500 |
| 001 |
vtls010313143 |
| 003 |
SK-MaSNL |
| 005 |
20260228163847.0 |
| 008 |
110923d20112012xo qr|p 0 b0slo |
| 022 |
|
|
|a 1338-5194
|
| 040 |
|
|
|a SVKBB
|b slo
|c SVKBB
|d SAVUK
|d SNK
|e AACR2
|
| 041 |
0 |
|
|a slo
|
| 044 |
|
|
|a xo
|c SK
|
| 072 |
|
7 |
|a 641
|x Kuchárstvo. Potraviny. Varené jedlá
|2 konspekt
|
| 080 |
|
|
|a 641.853
|2 2001
|
| 080 |
|
|
|a (083.12)
|2 2011
|
| 080 |
|
|
|a 050
|2 2011
|
| 210 |
0 |
|
|a Libo torty
|
| 222 |
|
0 |
|a Libo torty
|
| 245 |
0 |
0 |
|a Libo torty
|b časopis o tradičných aj netradičných tortách
|
| 260 |
|
|
|a Oščadnica
|b Jana Kavická Kavicky
|c 2011-2012
|
| 300 |
|
|
|a 2 zv.
|c 21 cm
|
| 310 |
|
|
|a 4x ročne
|
| 362 |
0 |
|
|a Jeseň (2011)-leto (2012)
|
| 500 |
|
|
|a Zmena podnázvu: od č. zima 2011, časopis pre Vás, čo začínate s pečením tort
|
| 500 |
|
|
|a Evidenčné č.: EV 4417/11
|
| 500 |
|
|
|a Šéfredaktorka: 2011-2012, Jana Kavická
|
| 650 |
0 |
7 |
|a torty
|2 SNKPH
|9 668
|
| 655 |
|
7 |
|a kuchárske recepty
|2 SNKPH
|9 70493
|
| 700 |
1 |
|
|a Kavická, Jana
|4 pbd
|9 274836
|
| 910 |
|
|
|a savuk
|
| 910 |
|
|
|a snk
|
| 999 |
|
|
|c 11084
|d 13014
|
| 952 |
|
|
|0 0
|1 0
|4 0
|7 0
|8 0
|a SNK
|b SNK
|d 2018-01-30
|i snk2018/2630
|l 0
|o snkČSC 3787/2011
|p 17A1267312
|r 2026-02-21 22:26:16
|t č. jeseň-zima
|w 2026-02-21
|y PREZ
|
| 952 |
|
|
|0 0
|1 0
|4 0
|7 0
|8 0
|a SNK
|b SNK
|d 2018-01-30
|i snk2018/2631
|l 0
|o snkČSC 3787/2012
|p 17A1267311
|r 2026-02-21 22:26:16
|t č. jar-leto
|w 2026-02-21
|y PREZ
|
| 952 |
|
|
|0 0
|1 0
|4 0
|7 0
|8 0
|a SNK
|b SNK
|d 2018-01-30
|i snk2018/2632
|l 0
|o snkČSC 3787/2011 D1
|p 17A1267310
|r 2026-02-21 22:26:16
|t č. jeseň-zima
|w 2026-02-21
|y PREZ
|
| 952 |
|
|
|0 0
|1 0
|4 0
|7 0
|8 0
|a SNK
|b SNK
|d 2018-01-30
|i snk2018/2635
|l 0
|o snkČSC 3787/2012 D1
|p 17A1267309
|r 2026-02-21 22:26:20
|t č. jar-leto
|w 2026-02-21
|y PREZ
|